[Event "Revelion op"]
[Site "Romania"]
[Date "1999.??.??"]
[Round "?"]
[White "Manu, Daniela"]
[Black "Biro, Andrei Paul"]
[Result "0-1"]
[WhiteElo "2040"]
[BlackElo "2105"]
[PlyCount "69"]
[EventDate "1999.??.??"]
[EventType "swiss"]
[EventRounds "7"]
[EventCountry "ROU"]
[SourceTitle "EXT 2004"]
[Source "ChessBase"]
[SourceDate "2003.11.25"]
[SourceVersion "1"]
[SourceVersionDate "2003.11.25"]
[SourceQuality "1"]

1. e4 c5 2. Nf3 Nc6 3. Bb5 g6 4. 0-0 Bg7 5. Bxc6 bxc6 6. Qe2 d6 7. h3 e6 8. d3 Ne7 9. c3 0-0 10. Nbd2 a5 11. Nc4 Ba6 12. Bg5 Re8 13. Rfd1 d5 14. Ncd2 Qc7 15. e5 Nc8 16. Qe3 Nb6 17. h4 Nd7 18. Bf4 Rab8 19. b3 Rb6 20. c4 Reb8 21. Rab1 Rb4 22. Re1 R8b6 23. Kh2 Qb8 24. Rbc1 Qc7 25. Re2 Rb8 26. Ne1 R4b7 27. Nc2 Qb6 28. h5 Qd8 29. Bg5 Bxe5+ 30. f4 Bf6 31. Na1 Qc7 32. g3 Bg7 33. Kh3 Qd6 34. Kg2 Bd4 35. Qf3 0-1

[Event "Centrocoop Sept op-B"]
[Site "Eforie Nord"]
[Date "1998.??.??"]
[Round "?"]
[White "Draica, Iulia"]
[Black "Manu, Daniela"]
[Result "1-0"]
[WhiteElo "2070"]
[BlackElo "2040"]
[PlyCount "67"]
[EventDate "1998.09.??"]
[EventType "swiss"]
[EventRounds "11"]
[EventCountry "ROU"]
[SourceTitle "EXT 2000"]
[Source "ChessBase"]
[SourceDate "1999.11.16"]
[SourceVersion "1"]
[SourceVersionDate "1999.11.16"]
[SourceQuality "1"]

1. d4 c5 2. d5 e5 3. e4 d6 4. Bd3 Be7 5. Nf3 Bg4 6. 0-0 Nf6 7. Nbd2 Nbd7 8. a4 Nf8 9. h3 Bd7 10. Bb5 Ng6 11. Bxd7+ Qxd7 12. Re1 h5 13. Nc4 h4 14. c3 Nh5 15. b4 cxb4 16. cxb4 Ngf4 17. Nh2 Rc8 18. Ne3 g6 19. Bb2 f5 20. Qb1 Rf8 21. Ra3 Bd8 22. a5 Qf7 23. exf5 gxf5 24. Nf3 Qg6 25. Kh2 e4 26. Nd4 Bf6 27. Rc1 Rd8 28. Rc7 Rg8 29. Qf1 Nd3 30. Rxd3 exd3 31. Qxd3 Bxd4 32. Bxd4 Nf4 33. Qb5+ Kf8 34. Qf1 1-0

[Event "Centrocoop Sept op-B"]
[Site "Eforie Nord"]
[Date "1998.??.??"]
[Round "?"]
[White "Istrati, Viorica"]
[Black "Manu, Daniela"]
[Result "1-0"]
[WhiteElo "2145"]
[BlackElo "2040"]
[PlyCount "95"]
[EventDate "1998.09.??"]
[EventType "swiss"]
[EventRounds "11"]
[EventCountry "ROU"]
[SourceTitle "EXT 2000"]
[Source "ChessBase"]
[SourceDate "1999.11.16"]
[SourceVersion "1"]
[SourceVersionDate "1999.11.16"]
[SourceQuality "1"]

1. e4 c5 2. Nf3 e6 3. d4 cxd4 4. Nxd4 Nf6 5. Nc3 d6 6. Be3 a6 7. Qd2 b5 8. Bd3 Bb7 9. f3 Qc7 10. g4 Nc6 11. 0-0-0 Nd7 12. h4 Nce5 13. g5 Rc8 14. Kb1 Nxd3 15. cxd3 b4 16. Nce2 e5 17. Rc1 Nc5 18. Nb3 Qd8 19. Qxb4 Rb8 20. Nxc5 dxc5 21. Qa4+ Qd7 22. Qxd7+ Kxd7 23. Bxc5 Bc6 24. d4 Bb5 25. Rhe1 Bxc5 26. Rxc5 h6 27. Rd5+ Ke7 28. Rxe5+ Kf8 29. h5 hxg5 30. Rxg5 f6 31. Rc5 g6 32. Ng3 Be8 33. Rh1 Rd8 34. hxg6 Rxh1+ 35. Nxh1 Rxd4 36. Kc2 Kg7 37. Ng3 Kxg6 38. Ne2 Rd6 39. Nf4+ Kg7 40. Nd5 Bb5 41. Kc3 Be2 42. f4 Bf3 43. Kd4 Be2 44. e5 fxe5+ 45. Kxe5 Rd8 46. f5 Re8+ 47. Kd6 Bg4 48. Rc7+ 1-0

[Event "Centrocoop Sept op-B"]
[Site "Eforie Nord"]
[Date "1998.??.??"]
[Round "?"]
[White "Manu, Daniela"]
[Black "Gheorghiu, Ligia"]
[Result "0-1"]
[WhiteElo "2040"]
[BlackElo "2015"]
[PlyCount "90"]
[EventDate "1998.09.??"]
[EventType "swiss"]
[EventRounds "11"]
[EventCountry "ROU"]
[SourceTitle "EXT 2000"]
[Source "ChessBase"]
[SourceDate "1999.11.16"]
[SourceVersion "1"]
[SourceVersionDate "1999.11.16"]
[SourceQuality "1"]

1. e4 c5 2. Nf3 g6 3. d4 Bg7 4. c3 cxd4 5. Nxd4 d6 6. Bb5+ Bd7 7. Bxd7+ Qxd7 8. 0-0 Nf6 9. Re1 0-0 10. Nd2 Nc6 11. N2f3 Rfd8 12. Qe2 Nxd4 13. Nxd4 b6 14. f3 Qb7 15. Bg5 Nd7 16. Qb5 Nc5 17. Rad1 Rac8 18. Bh4 a6 19. Qe2 b5 20. a3 Qa7 21. Bf2 Qb7 22. Bg3 Nd7 23. f4 e5 24. Nf3 exf4 25. Bxf4 Ne5 26. Kh1 Nxf3 27. Qxf3 Be5 28. Rd5 Bxf4 29. Qxf4 Qe7 30. Rf1 Rc4 31. Rd4 Rxd4 32. cxd4 Rc8 33. h3 Rc2 34. Rf2 Rxf2 35. Qxf2 Qxe4 36. Qf6 Qe6 37. Qd8+ Kg7 38. Kh2 d5 39. Qc7 Qe1 40. Qb6 Qe6 41. Qc5 h5 42. Qc7 Qe4 43. Qc5 g5 44. Qb6 Qf4+ 45. Kh1 g4 0-1

[Event "Centrocoop Sept op-B"]
[Site "Eforie Nord"]
[Date "1998.??.??"]
[Round "?"]
[White "Manu, Daniela"]
[Black "Ivanova, Svetlana"]
[Result "0-1"]
[WhiteElo "2040"]
[BlackElo "2225"]
[PlyCount "122"]
[EventDate "1998.09.??"]
[EventType "swiss"]
[EventRounds "11"]
[EventCountry "ROU"]
[SourceTitle "EXT 2000"]
[Source "ChessBase"]
[SourceDate "1999.11.16"]
[SourceVersion "1"]
[SourceVersionDate "1999.11.16"]
[SourceQuality "1"]

1. e4 c5 2. Nf3 Nc6 3. Bb5 g6 4. 0-0 Bg7 5. Bxc6 bxc6 6. e5 f6 7. Qe2 fxe5 8. Nxe5 d6 9. Nc4 Nh6 10. Re1 Nf5 11. c3 0-0 12. d3 e5 13. Nbd2 Kh8 14. Nf3 Be6 15. Bg5 Qd7 16. g4 Bxc4 17. dxc4 Nh6 18. Nxe5 dxe5 19. Bxh6 Bxh6 20. Qxe5+ Bg7 21. Qe6 Qxe6 22. Rxe6 Rf4 23. h3 Rb8 24. Re2 h5 25. gxh5 gxh5 26. Rd1 Rg8 27. Kf1 Rf3 28. Kg2 Rf5 29. Kh1 Rg5 30. Rf1 Rf8 31. Rg1 Rgf5 32. Re7 R8f7 33. Rxf7 Rxf7 34. Rg5 Rxf2 35. Rxh5+ Kg8 36. Rxc5 Rxb2 37. Rxc6 Rxa2 38. Rc8+ Kh7 39. c5 Ra3 40. Rc7 a5 41. Ra7 Kg6 42. c6 Be5 43. c7 Rxc3 44. Rxa5 Kf5 45. Kg2 Rxc7 46. Ra3 Rg7+ 47. Kf2 Bd4+ 48. Kf3 Rh7 49. Ra5+ Be5 50. Kg2 Ke4 51. Ra4+ Bd4 52. Ra3 Rc7 53. h4 Rc2+ 54. Kh3 Kf4 55. Ra4 Rc3+ 56. Kg2 Rg3+ 57. Kh2 Rd3 58. Kg2 Kg4 59. h5 Rd2+ 60. Kf1 Kf3 61. Ke1 Rd3 0-1

[Event "Centrocoop June op-B"]
[Site "Eforie Nord"]
[Date "1998.??.??"]
[Round "?"]
[White "Manu, Daniela"]
[Black "Kabanova, Irina"]
[Result "1-0"]
[WhiteElo "2040"]
[BlackElo "1650"]
[PlyCount "79"]
[EventDate "1998.06.??"]
[EventType "swiss"]
[EventRounds "11"]
[EventCountry "ROU"]
[SourceTitle "EXT 2000"]
[Source "ChessBase"]
[SourceDate "1999.11.16"]
[SourceVersion "1"]
[SourceVersionDate "1999.11.16"]
[SourceQuality "1"]

1. e4 c5 2. Nf3 e6 3. d4 cxd4 4. Nxd4 a6 5. c4 Nf6 6. Bd3 Nc6 7. Nf3 Qc7 8. Nc3 Be7 9. 0-0 0-0 10. b3 Ne5 11. Bb2 Ng6 12. Rc1 b6 13. Bb1 Bb7 14. Re1 Bd6 15. g3 Ng4 16. Nd4 Bc5 17. Na4 f5 18. exf5 exf5 19. Re2 N6e5 20. Rc3 Qd6 21. Rd2 Bxd4 22. Rxd4 Qc6 23. Rd5 Qh6 24. h4 Bxd5 25. Qxd5+ Qe6 26. Qxe6+ dxe6 27. f3 Nf6 28. Re3 Ned7 29. Rxe6 Rae8 30. Bxf5 g6 31. Bh3 Kf7 32. Rd6 Ke7 33. Ba3 Kd8 34. Nxb6 Rf7 35. Be6 Rfe7 36. Rc6 Nxb6 37. Bxe7+ Rxe7 38. Rxb6 Kc7 39. Rxa6 Kb7 40. Bc8+ 1-0

[Event "Centrocoop June op-B"]
[Site "Eforie Nord"]
[Date "1998.??.??"]
[Round "?"]
[White "Manu, Daniela"]
[Black "Petrov, A."]
[Result "1-0"]
[WhiteElo "2040"]
[BlackElo "1650"]
[PlyCount "81"]
[EventDate "1998.06.??"]
[EventType "swiss"]
[EventRounds "11"]
[EventCountry "ROU"]
[SourceTitle "EXT 2000"]
[Source "ChessBase"]
[SourceDate "1999.11.16"]
[SourceVersion "1"]
[SourceVersionDate "1999.11.16"]
[SourceQuality "1"]

1. e4 c5 2. Nf3 d6 3. Bb5+ Bd7 4. Bxd7+ Qxd7 5. 0-0 Nc6 6. Re1 Nf6 7. d3 e6 8. c3 Be7 9. Nbd2 0-0 10. Nf1 h6 11. h3 Rfd8 12. N3h2 Ne5 13. f4 Ng6 14. Ng3 d5 15. e5 Ne8 16. Qg4 Nh4 17. Ngf1 d4 18. c4 Qc6 19. Nd2 Nf5 20. Ne4 b5 21. b3 bxc4 22. bxc4 Qa4 23. Qe2 g6 24. g4 Nfg7 25. Qg2 Qa5 26. Qd2 Qb6 27. Ba3 Rab8 28. Rab1 Qc7 29. Nf3 h5 30. Kg2 Rb6 31. Rxb6 axb6 32. Rb1 Qa7 33. Rb3 Nc7 34. Qb2 Ra8 35. Nxd4 cxd4 36. Bxe7 Qxa2 37. Kf3 Nge8 38. Rxb6 hxg4+ 39. Kxg4 Ra6 40. Rb8 Kg7 41. Nf6 1-0

[Event "Centrocoop June op-B"]
[Site "Eforie Nord"]
[Date "1998.??.??"]
[Round "?"]
[White "Manu, Daniela"]
[Black "Rusov, Roman"]
[Result "1/2-1/2"]
[WhiteElo "2040"]
[BlackElo "1650"]
[PlyCount "108"]
[EventDate "1998.06.??"]
[EventType "swiss"]
[EventRounds "11"]
[EventCountry "ROU"]
[SourceTitle "EXT 2000"]
[Source "ChessBase"]
[SourceDate "1999.11.16"]
[SourceVersion "1"]
[SourceVersionDate "1999.11.16"]
[SourceQuality "1"]

1. e4 c6 2. d4 d5 3. exd5 cxd5 4. Bd3 Nf6 5. h3 e6 6. Nf3 Nc6 7. c3 Qc7 8. Bg5 Be7 9. Nbd2 h6 10. Bh4 Bd7 11. Qe2 Nh5 12. Bxe7 Nf4 13. Qf1 Nxd3+ 14. Qxd3 Nxe7 15. Ne5 Nf5 16. Ndf3 Nd6 17. Nxd7 Qxd7 18. Ne5 Qe7 19. 0-0 0-0 20. Rfe1 Rac8 21. Re2 Rfd8 22. Rae1 Qc7 23. g4 Qe7 24. Qg3 Ne4 25. Rxe4 dxe4 26. Rxe4 g5 27. f4 Qf6 28. Nf3 Rd5 29. h4 Qg6 30. Re2 Qd3 31. Kf2 gxf4 32. Qxf4 Qh7 33. Nd2 Qg6 34. Ne4 Kg7 35. h5 Qh7 36. Nf6 Qd3 37. Nxd5 exd5 38. Qe5+ Kg8 39. Qxd5 Rc6 40. Re8+ Kg7 41. Qg2 Rf6+ 42. Kg1 Qd1+ 43. Kh2 Qc1 44. Re4 b6 45. d5 Qb1 46. Rd4 Qe1 47. Re4 Qh4+ 48. Kg1 Qg5 49. Qe2 Qxd5 50. Re5 Qxa2 51. g5 Qb1+ 52. Kh2 Rf5 53. gxh6+ Kxh6 54. Qd2+ Kh7 1/2-1/2

[Event "Centrocoop June op-B"]
[Site "Eforie Nord"]
[Date "1998.??.??"]
[Round "?"]
[White "Zhadko, Vladimir"]
[Black "Manu, Daniela"]
[Result "1-0"]
[WhiteElo "2150"]
[BlackElo "2040"]
[PlyCount "44"]
[EventDate "1998.06.??"]
[EventType "swiss"]
[EventRounds "11"]
[EventCountry "ROU"]
[SourceTitle "EXT 2000"]
[Source "ChessBase"]
[SourceDate "1999.11.16"]
[SourceVersion "1"]
[SourceVersionDate "1999.11.16"]
[SourceQuality "1"]

1. e4 c5 2. Nf3 e6 3. b3 Nf6 4. e5 Nd5 5. Bb2 a6 6. c4 Nc7 7. d4 d5 8. exd6 Qxd6 9. dxc5 Qxc5 10. a3 Nd7 11. b4 Qe7 12. Nc3 e5 13. c5 e4 14. Nd2 b6 15. Qa4 bxc5 16. bxc5 Qe6 17. Be2 Bxc5 18. Ncxe4 0-0 19. Nxc5 Nxc5 20. Qc2 Re8 21. Nc4 Re7 22. 0-0 f6 1-0